Obras completas de San Agustín. (Record no. 47505)

MARC details
000 -LEADER
campo de control de longitud fija 01017nam a2200265 i 4500
001 - NÚMERO DE CONTROL
campo de control 47505
003 - IDENTIFICADOR DE NÚMERO DE CONTROL
campo de control ES-MaACL
005 - FECHA Y HORA DE LA ÚLTIMA TRANSACCIÓN
campo de control 20250820142553.0
007 - CAMPO FIJO DE DESCRIPCIÓN FÍSICA--INFORMACIÓN GENERAL
campo de control de longitud fija t|
008 - DATOS DE LONGITUD FIJA--INFORMACIÓN GENERAL
campo de control de longitud fija 030429s2002 sp ||||1| spa d
020 ## - NÚMERO INTERNACIONAL ESTÁNDAR DEL LIBRO
Número Internacional Estándar del Libro 84-7914-532-3
080 ## - NÚMERO DE LA CLASIFICACIÓN DECIMAL UNIVERSAL
Número de la Clasificación Decimal Universal 2(081) Agustín, Santo
100 0# - ENTRADA PRINCIPAL--NOMBRE DE PERSONA
Nombre de persona Agustín
Títulos y otros términos asociados al nombre Santo, Obispo de Hipona.
9 (RLIN) 125563
245 10 - MENCIÓN DEL TÍTULO
Título Obras completas de San Agustín.
Número de parte o sección de la obra XLI,
Nombre de parte o sección de la obra Escritos atribuidos /
Mención de responsabilidad, etc. introducciones, versión, notas e índices de Teodoro C. Madrid ; con la colaboración de Niceto Blázquez y Marcos Martínez Manzanedo.
260 ## - PUBLICACIÓN, DISTRIBUCIÓN, ETC.
Lugar de publicación, distribución, etc. Madrid :
Nombre del editor, distribuidor, etc. Biblioteca de Autores Cristianos,
Fecha de publicación, distribución, etc. 2002.
300 ## - DESCRIPCIÓN FÍSICA
Extensión XXXVII, 944 p. ;
Dimensiones 20 cm.
490 1# - MENCIÓN DE SERIE
Mención de serie Biblioteca de autores cristianos ;
Designación de volumen o secuencia 621
650 07 - PUNTO DE ACCESO ADICIONAL DE MATERIA--TÉRMINO DE MATERIA
Término de materia o nombre geográfico como elemento de entrada Teología
Fuente del encabezamiento o término embne
9 (RLIN) 17457
700 1# - ENTRADA AGREGADA--NOMBRE PERSONAL
Nombre de persona Calvo Madrid, Teodoro,
Fechas asociadas al nombre 1929-
9 (RLIN) 140657
700 1# - ENTRADA AGREGADA--NOMBRE PERSONAL
Nombre de persona Blázquez, Niceto.
9 (RLIN) 29443
700 1# - ENTRADA AGREGADA--NOMBRE PERSONAL
Nombre de persona Martínez Manzanedo, Marcos.
9 (RLIN) 78199
830 00 - PUNTO DE ACCESO ADICIONAL DE SERIE-TÍTULO UNIFORME
Título uniforme Biblioteca de autores cristianos
Designación de volumen o secuencia 621
9 (RLIN) 178679
852 ## - LOCALIZACIÓN
Ubicación ES-MaACL
Número de control de estantería J-608
Holdings
Estatus retirado Estado de pérdida Estado de daño No para préstamo Biblioteca de origen Biblioteca actual Ubicación en estantería Fecha de adquisición Fuente de adquisición Total de préstamos Signatura topográfica completa Código de barras Visto por última vez Precio de reemplazo Tipo de ítem Koha
        Biblioteca del Ateneo de Madrid Biblioteca del Ateneo de Madrid Depósito 2 17/01/2008     J-608 1049985 23/02/2023 23/02/2023 Libro impreso